| 000 | 00498nam a22001937a 4500 | ||
|---|---|---|---|
| 003 | MPLRDC | ||
| 005 | 20220104202139.0 | ||
| 008 | 210129b ||||| |||| 00| 0 eng d | ||
| 020 | _a978-983-42214-4-7 | ||
| 082 | _a091 GWC | ||
| 100 | _a庾潍诚 | ||
| 245 |
_a胡煦易学研究(附年谱) _c |
||
| 250 | _a初版 | ||
| 260 |
_a马来西亚 _b南大教育与研究基金会 _c2007 |
||
| 300 | _b平 | ||
| 520 | _a新书上架 2018-07-16。 | ||
| 650 | _a易经 | ||
| 942 |
_cBK _o091 GWC |
||
| 999 |
_c67504 _d67494 |
||